[Event "20th Iraklio Open 2017"]
[Site "Athens"]
[Date "2017.06.25"]
[Round "9.2"]
[White "Georgiev, Krum"]
[Black "Korniotis, Filippos"]
[Result "1/2-1/2"]
[WhiteElo "2357"]
[BlackElo "2143"]
[Annotator "TA"]
[PlyCount "37"]
[EventDate "2017.??.??"]
[EventType "swiss"]
[EventCountry "GRE"]
[SourceTitle "playchess.com"]
[Source "ChessBase"]
[SourceQuality "1"]

{[%evp 11,37,14,23,10,21,6,43,43,43,43,43,43,68,64,83,71,122,83,105,87,89,88,154,97,122,129,126,83]} 1. e4 c5 2. Nf3 e6 3. g3 Nc6 4. Bg2 g6 5. O-O Bg7 6. c3 {A04: Unusual lines after 1 Nf3 and King's Indian Attack} Nge7 {LiveBook: 18 Games} (6... d5 7. exd5 exd5 8. d4 cxd4 9. Nxd4 Nge7 10. Bg5 h6 11. Bf4 O-O 12. Re1 Nxd4 13. cxd4 Nc6 {½-½ (28) Mamedov,R (2660)-Svidler,P (2722) Moscow 2010}) 7. Na3 {[%cal Bb1a3,Ba3c2,Bc2d4,Bd4b3,Bb3c5][%mdl 32]} O-O 8. Nc2 $146 {The position is equal.} ({Predecessor:} 8. d3 d5 9. Qe2 b6 10. Bf4 e5 11. exd5 exf4 12. dxc6 fxg3 13. fxg3 Nxc6 {1-0 (44) Janik,I (2422)-Sanz Wawer,D (2115) Katowice 2017}) 8... b5 (8... f5 $5 {[%cal Rf5e4]}) 9. d4 cxd4 10. Nfxd4 Nxd4 11. Nxd4 Rb8 12. Bg5 h6 {[#]} 13. Be3 $1 Kh7 (13... d6 $142) 14. Qd2 Bb7 15. Nb3 a5 16. Qd6 Nc6 (16... b4 $142) 17. Rad1 ({White should play} 17. f4) 17... Ne5 18. Bf4 Qf6 19. Nc5 {Precision: White = 51%, Black = 34%.} 1/2-1/2

[Event "20th Iraklio Open 2017"]
[Site "Athens"]
[Date "2017.06.25"]
[Round "9.3"]
[White "Loutragotis, Dimitrios"]
[Black "Ergazakis, Ioannis"]
[Result "1-0"]
[WhiteElo "2143"]
[BlackElo "2150"]
[Annotator "NA"]
[PlyCount "145"]
[EventDate "2017.??.??"]
[EventType "swiss"]
[EventCountry "GRE"]
[SourceTitle "playchess.com"]
[Source "ChessBase"]
[SourceQuality "1"]
[TimeControl "40/5400+30:1800+30"]

1. e4 c5 2. Nf3 d6 3. d4 cxd4 4. Nxd4 Nf6 5. Nc3 a6 6. Bc4 e6 7. Bb3 b5 8. f4 Be7 9. e5 dxe5 10. fxe5 Nd5 (10... Nfd7 $11) 11. Nxd5 exd5 12. Qf3 Bb7 ({Better is} 12... O-O $1 $14) 13. Qg4 g6 14. Bh6 Nc6 15. Nxc6 Bxc6 16. O-O-O Qd7 17. Qd4 O-O-O $18 (17... Rg8 $16 18. Be3 (18. Bxd5 Bxd5 19. Qxd5 Qxd5 $15) 18... Rd8) 18. Rhf1 Qe6 19. Bg7 Rhe8 20. Bf6 Bb7 21. Bxe7 Rxe7 22. Rde1 Rde8 23. Re3 Kb8 24. a4 f5 25. Rd1 Rd7 26. Qf4 Rc7 27. axb5 axb5 28. h4 Rce7 29. Qd4 Rd7 30. Ba2 Rc8 31. Ra3 Rcc7 32. Ra5 Qc6 33. Bb3 Qc5 34. e6 Re7 35. Qh8+ Rc8 36. Qe5+ Rcc7 37. Qh8+ Rc8 38. Qe5+ Rcc7 39. Qe2 Qb6 40. Qxb5 Qxb5 41. Rxb5 Rxe6 42. Bxd5 Re2 43. Rd2 Re1+ 44. Rd1 Re2 45. Rxb7+ Rxb7 46. Bxb7 Kxb7 47. g3 Kc6 48. Rd3 Kc5 49. b3 Kb4 50. Kb2 Rf2 51. Rc3 Rg2 52. Rf3 h5 53. Rc3 Rg1 54. Rd3 Rg2 55. Re3 Rg1 56. c3+ Kc5 57. Kc2 Kd5 58. Kd3 Rd1+ 59. Ke2 Rg1 60. Rd3+ Ke4 61. Re3+ Kd5 62. Rd3+ Ke4 63. Rd4+ Ke5 64. Kf2 Rc1 65. Rc4 Rb1 66. b4 Kd5 67. Rc5+ Ke4 68. Rc6 Rb2+ 69. Ke1 Kf3 70. Rxg6 Rc2 71. b5 Rxc3 72. b6 Rb3 73. Kd2 1-0

[Event "20th Iraklio Open 2017"]
[Site "Athens"]
[Date "2017.06.25"]
[Round "9.4"]
[White "Pelantakis, Mihail"]
[Black "Skaperdas, Kostantinos"]
[Result "0-1"]
[WhiteElo "1661"]
[BlackElo "2191"]
[Annotator "TA"]
[PlyCount "34"]
[EventDate "2017.??.??"]
[EventType "swiss"]
[EventCountry "GRE"]
[SourceTitle "playchess.com"]
[Source "ChessBase"]
[SourceQuality "1"]

{[%evp 19,34,-14,-10,-22,-17,-53,-50,-304,-303,-477,-477,-810,-821,-874,-880,-875,-866]} 1. e4 e6 2. Nf3 d5 3. e5 Bd7 4. a3 c5 5. b4 cxb4 6. axb4 Bxb4 7. c3 Be7 8. d4 Nc6 9. Bd3 Rc8 10. O-O {C00: French: Unusual White 2nd moves} a6 {LiveBook: 6 Games} 11. Ne1 (11. Nbd2 Na5 12. Qc2 Qc7 13. Bxh7 Qxc3 14. Qb1 Qb4 15. Bb2 Nh6 16. Bc2 O-O 17. Rc1 Rc6 {0-1 (25) Zvjaginsev,V (2688)-Rodshtein,M (2634) Moscow 2012}) 11... Na5 12. Qg4 $146 {The position is equal.} ({Predecessor:} 12. f4 g6 13. Nf3 Nh6 14. Ba3 Nc4 15. Bxe7 Qxe7 16. Qe1 Nf5 17. Nbd2 Nce3 18. Bxf5 Nxf1 19. Nxf1 exf5 {0-1 (47) Rotov,I-Volodin,A (2477) Puhajarve 2013}) 12... g6 {[%cal Bg7g6,Bg6f5][%mdl 32] [#] And now ...Nb3 would win.} 13. f4 $2 {[%mdl 8192]} ({White should try} 13. Qd1 $15) 13... Nb3 $19 14. f5 (14. Bb2 $142 Nxa1 15. Bxa1) 14... exf5 {Black is clearly winning.} (14... Nxa1 15. fxg6 hxg6 16. Qxg6 $15) 15. Bxf5 (15. Qd1 $142 Nxa1 16. Bb2) 15... Bxf5 16. Rxf5 gxf5 17. Qg7 Bf6 0-1

[Event "20th Iraklio Open 2017"]
[Site "Athens"]
[Date "2017.06.25"]
[Round "9.5"]
[White "Koutourinis, Apostolos"]
[Black "Sonis, Francesco"]
[Result "1/2-1/2"]
[WhiteElo "2041"]
[BlackElo "2450"]
[Annotator "TA"]
[PlyCount "117"]
[EventDate "2017.??.??"]
[EventType "swiss"]
[EventCountry "GRE"]
[SourceTitle "playchess.com"]
[Source "ChessBase"]
[SourceQuality "1"]

{[%evp 22,117,37,27,48,20,24,11,18,28,35,0,0,0,-1,-10,0,-9,80,-47,-5,-83,-83,-83,-72,-62,-91,-117,0,0,0,-27,0,0,31,-114,-53,-43,0,33,89,88,81,106,112,32,33,0,71,0,0,0,0,0,0,0,0,0,0,0,0,0,0,0,0,0,0,0,58,0,0,0,0,-190,0,0,0,0,0,0,0,0,0,0,0,0,0,0,0,0,-10,-26,-26,-358,81,-26,29989,-20]} 1. e4 e6 2. Qe2 c5 3. g3 Nc6 4. Nf3 g6 5. Bg2 Bg7 6. O-O Nge7 7. d3 d5 8. e5 {C00: French: Unusual White 2nd moves} Qc7 (8... h6 9. h4 b6 10. Re1 Bb7 11. Nbd2 Qc7 12. Nf1 O-O-O 13. N1h2 Nf5 14. c3 h5 15. Bf4 Kb8 {½-½ (31) Smirin,I (2663)-Movsesian,S (2699) Khanty-Mansiysk 2013}) 9. Re1 h6 10. h4 b6 11. c3 Bb7 12. Bf4 {LiveBook: 3 Games} Rd8 $146 ({Predecessor:} 12... g5 13. hxg5 hxg5 14. Bxg5 O-O-O 15. Na3 Rdf8 16. Nb5 Qd7 17. Nd6+ {½-½ (53) Prats Rodriguez,J (2208)-Chalmeta Ugas,R (2293) Barcelona 2014}) 13. Nbd2 Ba6 14. a3 g5 15. hxg5 Ng6 16. gxh6 Nxf4 17. gxf4 Bxh6 18. Ng5 Qe7 (18... Bxg5 $5 19. fxg5 Ne7 $11) 19. Ndf3 Kd7 (19... Bxg5 $11 {keeps the balance.} 20. fxg5 (20. Nxg5 Qf8 $11) 20... d4) 20. c4 (20. b4 $16) 20... Kc7 21. b4 (21. cxd5 $11 Rxd5 22. Red1) 21... Bxg5 $1 $17 22. fxg5 dxc4 23. dxc4 Bb7 $1 24. Qe3 cxb4 (24... Nd4 $1 $17 {[%cal Rd4f3]} 25. Nxd4 Rxd4 26. Bxb7 Kxb7) 25. axb4 $11 Qxb4 26. Qf4 (26. g6 $5 fxg6 27. Reb1 $16) 26... Rd7 27. Reb1 $36 {[%mdl 2048] White has the initiative.} Qe7 (27... Qc3 $5 {[%cal Rc7b8]}) 28. Rb5 (28. c5 $1 $14) 28... a6 (28... Kb8 $1 $17 {White must now prevent ...Qd8.} 29. c5 Rd5) 29. Rb2 $15 Qc5 (29... Rg8 $15) 30. Rab1 $14 Rhd8 (30... Nd4 $14) 31. Rxb6 $16 Qxb6 32. Rxb6 Kxb6 33. Qf6 ({Better is} 33. g6 $16 fxg6 34. Ng5 Rd1+ 35. Kh2) 33... Rg8 $1 $14 34. Kh2 (34. c5+ $5 Kxc5 35. Qf4 $11) 34... Kc7 {[#]} (34... a5 $11) 35. Nh4 (35. Nd2 $1 $16 {[%mdl 512]}) 35... Nd4 $11 36. Bxb7 Kxb7 37. f4 a5 {And now ...a4 would win.} 38. f5 a4 {Strongly threatening ...a3.} 39. g6 fxg6 40. fxe6 Rh7 {aiming for ...a3.} 41. Kg3 a3 42. Qf2 Rd8 43. Qa2 Ra8 44. c5 Rc7 ({Black should try} 44... Kc7 $11) 45. Qd5+ (45. Nxg6 $14 Rc6 46. Kg4) 45... Nc6 46. Qb3+ Kc8 47. Qa2 $2 {[#]} (47. Nxg6 $11 {and White is okay.} Raa7 48. e7 Nxe7 49. Qe6+ Kb8 50. Nxe7 Rxe7 51. Qd6+ Kc8 52. Qc6+ Kb8 53. Qd6+ Kc8 54. Qc6+ Kb8 55. Qd6+) 47... Nb4 $2 ({Black should play} 47... Ra6 $1 $19 {Threatens to win with ...Nb4.} 48. Kg2 Re7) 48. e7 $1 Rxe7 49. Qg8+ Kb7 50. Qb3 a2 51. Qxb4+ ({Much weaker is} 51. Nxg6 Rg7 $17) 51... Kc8 52. c6 a1=Q 53. Qxe7 {[%mdl 4096] Endgame KQR-KQN} Qe1+ 54. Kh2 {White wants to mate with Qb7+.} Qf2+ 55. Ng2 {Threatening mate with Qb7+.} Ra7 56. Qe8+ Kc7 {Hoping for ...Ra2.} 57. e6 $2 {[%mdl 8192] [#]} (57. Qxg6 $11 Qf8 58. Qd6+ Qxd6 59. exd6+ Kxd6 60. Ne3) 57... Kd6 $2 (57... Ra2 $1 $19 {[%csl Ga2][%cal Rf2g2]} 58. Qf7+ Kxc6 59. Qxf2 Rxf2) 58. Qxg6 (58. Qd8+ $16 Kxe6 59. c7 Rxc7 60. Qxc7) 58... Rb7 $2 {[%mdl 8192]} (58... Qd4 $11 59. Qg3+ Kxc6 60. Qf3+ Kd6) 59. Qg3+ $2 {Precision: White = 35%, Black = 33%.} (59. cxb7 {mates} Qb2 60. Qg3+ Ke7 61. Qc7+ Kxe6 62. b8=Q Qxb8 63. Nf4+ Kf5 64. Qxb8) 1/2-1/2

[Event "20th Iraklio Open 2017"]
[Site "Athens"]
[Date "2017.06.25"]
[Round "9.6"]
[White "Kordis, Konstantinos"]
[Black "Rigopoulos-Tsigkos, Alexandros"]
[Result "*"]
[WhiteElo "2149"]
[BlackElo "2111"]
[Annotator "TA"]
[PlyCount "30"]
[EventDate "2017.??.??"]
[EventType "swiss"]
[EventCountry "GRE"]
[SourceTitle "playchess.com"]
[Source "ChessBase"]
[SourceQuality "1"]

{[%evp 1,1,37]} 1. e4 {Predecessor:} e5 $146 2. Nf3 Nc6 3. Bc4 Bc5 4. O-O Nf6 5. d3 O-O 6. h3 d6 7. c3 a6 8. a4 Be6 9. Bxe6 fxe6 10. b4 Ba7 11. Be3 Bxe3 12. fxe3 Ne7 13. Nbd2 Ng6 14. d4 Qe7 15. Qb3 Kh8 {½-½ (63) Carlsen,M (2832)-So,W (2812) Stavanger 2017} *

[Event "20th Iraklio Open 2017"]
[Site "Athens"]
[Date "2017.06.25"]
[Round "9.7"]
[White "Abelakiotis, Stavros"]
[Black "Spyropoulos, Nikolaos"]
[Result "1/2-1/2"]
[WhiteElo "1861"]
[BlackElo "2229"]
[Annotator "NA"]
[PlyCount "77"]
[EventDate "2017.??.??"]
[EventType "swiss"]
[EventCountry "GRE"]
[SourceTitle "playchess.com"]
[Source "ChessBase"]
[SourceQuality "1"]
[TimeControl "40/5400+30:1800+30"]

1. e4 c5 2. Nf3 Nc6 3. Bb5 g6 4. Bxc6 bxc6 5. O-O Bg7 6. Re1 Rb8 {LiveBook: 42 Games} 7. Nc3 e5 8. d3 Ne7 9. Rb1 d6 10. Be3 O-O 11. Qd2 f5 $11 12. Bh6 f4 13. Bxg7 Kxg7 14. Kh1 g5 15. Nxg5 Ng6 16. Nf3 Bg4 17. Ng1 f3 18. g3 h5 19. Nd1 h4 20. Rf1 Rf7 21. c3 Qf6 22. Ne3 Qg5 23. Rbd1 hxg3 24. fxg3 f2 25. Nf5+ Rxf5 26. exf5 fxg1=Q+ 27. Kxg1 Qxd2 28. Rxd2 Nf8 29. Kg2 Kf6 30. h3 Bh5 31. g4 Bf7 32. Kg3 Nd7 33. h4 Ke7 34. g5 Bh5 35. Kh3 Rf8 36. Rdf2 a6 37. Rg1 Rg8 38. Rg3 Kf7 39. Rg1 1/2-1/2

[Event "20th Iraklio Open 2017"]
[Site "Athens"]
[Date "2017.06.25"]
[Round "9.8"]
[White "Galanos, Dimitrios"]
[Black "Papadimitriou, Loukas"]
[Result "0-1"]
[WhiteElo "1996"]
[BlackElo "2059"]
[Annotator "NA"]
[PlyCount "114"]
[EventDate "2017.??.??"]
[EventType "swiss"]
[EventCountry "GRE"]
[SourceTitle "playchess.com"]
[Source "ChessBase"]
[SourceQuality "1"]
[TimeControl "40/5400+30:1800+30"]

1. e4 e5 2. Nf3 Nf6 3. Nxe5 d6 4. Nxf7 Kxf7 5. d4 Qe8 6. Nc3 g6 7. Bc4+ {C42: Petroff Defence: 3 Nxe5 and unusual White 3rd moves} Be6 {LiveBook: 3 Games} 8. Bxe6+ Qxe6 ({Don't play} 8... Kxe6 $6 9. Qf3 $14) 9. O-O Bg7 10. Qd3 Re8 11. d5 $146 ({Predecessor:} 11. Re1 Kg8 12. Bg5 Nbd7 13. f4 c5 14. d5 Qf7 {1-0 (55) Chuprov,D (2525)-Nepomniachtchi,I (2506) Internet 2006}) 11... Qe7 12. Bg5 Nbd7 13. Rae1 h6 14. Bh4 (14. Bc1 $17) 14... g5 15. Bg3 Ne5 16. Qd1 Kg8 $17 17. Nb5 Qf7 18. Nd4 Nh5 19. Nf5 Nf4 20. h4 Qh5 21. f3 Neg6 22. hxg5 Qxg5 23. Qc1 Bd4+ 24. Kh1 Be5 25. Qd2 h5 26. Rg1 Kf7 27. Bh2 h4 28. Ref1 Rh8 29. Rf2 Qf6 30. Rc1 Rh5 31. Ne3 Bxb2 32. Ng4 Bxc1 33. Qxc1 Qg5 34. Qb2 Rb8 35. Qd4 b6 36. Qa4 a5 37. Qc4 Rc8 38. e5 Nxe5 39. Qxf4+ Qxf4 40. Bxf4 Ng6 41. Bd2 Rxd5 42. c4 Rc5 43. f4 Rxc4 44. Nh6+ Kg7 45. f5 Rf8 46. Bg5 Ne5 47. Be7 Re8 48. Bg5 Nf7 49. Nxf7 Kxf7 50. Kh2 Rg4 51. Bf4 Re4 52. g3 Kf6 53. Rc2 Rgxf4 54. gxf4 Rxf4 55. Rxc7 Rf2+ 56. Kh3 Rxa2 57. Rc6 Rb2 0-1

[Event "20th Iraklio Open 2017"]
[Site "Athens"]
[Date "2017.06.25"]
[Round "9.9"]
[White "Fragkos, Vasileios"]
[Black "Koerant, Filipos"]
[Result "0-1"]
[WhiteElo "1453"]
[BlackElo "1872"]
[Annotator "NA RC"]
[PlyCount "94"]
[EventDate "2017.??.??"]
[EventType "swiss"]
[EventCountry "GRE"]
[SourceTitle "playchess.com"]
[Source "ChessBase"]
[SourceQuality "1"]
[TimeControl "40/5400+30:1800+30"]

1. e4 d6 2. d4 Nf6 3. Nc3 Nbd7 4. f4 e5 5. Nf3 exd4 6. Nxd4 c6 {B07: Pirc Defence: Miscellaneous Systems} (6... g6 7. Be2 Bg7 8. O-O O-O 9. Bf3 c6 10. Kh1 Re8 11. Re1 Nc5 12. b4 Ne6 13. Be3 Nxd4 14. Bxd4 {0-1 (42) Andriasian,Z (2605)-Motylev,A (2677) Warsaw 2012}) 7. Be2 {LiveBook: 3 Games} d5 $146 ({Predecessor:} 7... g6 $11 {remains equal.} 8. O-O Bg7 9. Nb3 Qe7 10. Bd3 O-O 11. Qf3 Rb8 12. Bd2 {1-0 (27) Beikert,G (2435)-Schmidt Schaeffer,S (2395) Germany 1997}) 8. exd5 cxd5 9. O-O Bc5 10. Kh1 O-O 11. Nb3 Bb6 12. Nxd5 Nxd5 13. Qxd5 Qe7 14. Bf3 Nf6 15. Qg5 h6 16. Qh4 Bf5 17. Bd2 Qd7 (17... Bxc2 $11 18. Bc3 Rfe8) 18. Bb4 Rfe8 19. Rad1 (19. Bc3 $14) 19... Qb5 20. c3 {[#]} (20. Bc3 $1 $11) 20... Rad8 $1 21. h3 $2 {[#]} (21. Ba3) 21... a5 $2 (21... Ne4 $1 $19 22. Ra1 g5 23. fxg5 hxg5) 22. Ba3 a4 (22... Ne4 $17 23. Nd4 Bxd4 24. cxd4 g5 25. fxg5 hxg5) 23. Na1 $2 (23. Nd4 $15 Bxd4 24. cxd4) 23... Be4 24. Kh2 Bxf3 25. c4 Rxd1 26. Rxd1 Qxc4 27. Re1 Rxe1 28. Qxe1 Qe2 29. Qxe2 Bxe2 30. Nc2 Bc4 31. Nb4 Bc5 32. Kg3 Bxb4 33. Bxb4 Bxa2 34. Kf2 Ne4+ 35. Ke3 Nf6 36. Kd4 Bd5 37. g3 Bg2 38. h4 h5 39. Be1 Kf8 40. Kc4 Ke7 41. Kb4 Bc6 42. Kc4 Ke6 43. Kd4 Kf5 44. Kc5 Ne4+ 45. Kd4 Kg4 46. Ke5 Nxg3 47. Bxg3 Kxg3 0-1